Top 10 European Countries With Fastest Growing Population - Statistics

General Stats
  • This quiz has been taken 436 times
  • The average score is 9 of 10
Answer Stats
Pop. Growth Country % Correct
5,008,162 France
98%
5,848,806 United Kingdom
98%
5,371,899 Spain
94%
2,650,604 Italy
93%
907,142 Sweden
91%
1,030,913 Netherlands
88%
719,395 Norway
87%
1,030,812 Belgium
86%
846,891 Ireland
84%
1,133,082 Switzerland
78%
No matching quizzes found
Score Distribution
Percent of People with Each Score
Percentile by Number Answered
Your Score History
You have not taken this quiz